[Event "Chigorin Memorial 23rd"]
[Site "St Petersburg"]
[Date "2015.10.07"]
[Round "5"]
[White "Kantyshev, Nikita"]
[Black "Askerov, Marat"]
[Result "0-1"]
[WhiteElo "2030"]
[BlackElo "2232"]
[PlyCount "130"]
[EventDate "2015.10.03"]
[EventType "swiss"]
[EventRounds "9"]
[EventCountry "RUS"]
[SourceTitle "CBM 168 Extra"]
[Source "ChessBase"]
[SourceDate "2015.10.29"]
[SourceVersion "1"]
[SourceVersionDate "2015.10.29"]
[SourceQuality "1"]

1. e4 c6 2. d4 d5 3. e5 Bf5 4. Bd3 Bxd3 5. Qxd3 Qa5+ 6. Bd2 Qa6 7. Qxa6 Nxa6 8. b4 e6 9. a3 Ne7 10. Nf3 h5 11. Nc3 Nf5 12. Ne2 Nb8 13. Ng3 g6 14. Nxf5 gxf5 15. Be3 Nd7 16. Nd2 Nb6 17. Ke2 Kd7 18. g3 Be7 19. h4 a5 20. c3 Ra7 21. Nb3 Nc4 22. Rhb1 Rha8 23. Kd3 Kc7 24. Bf4 b6 25. Bd2 Kb7 26. Be1 f6 27. exf6 Bxf6 28. bxa5 Be7 29. axb6 Rxa3 30. Rxa3 Rxa3 31. f4 Ra2 32. Ra1 Rxa1 33. Nxa1 Kxb6 34. Nb3 Ba3 35. Nd2 Nd6 36. Nf3 Kc7 37. Ne5 Ne4 38. Nf7 Kd7 39. Ne5+ Kc7 40. Nf3 Bd6 41. Kc2 c5 42. Kd3 Kd7 43. Kc2 Bc7 44. Ng5 Bb6 45. Kd3 Ba5 46. Nf3 Kd6 47. Kc2 cxd4 48. Nxd4 Bb6 49. Ne2 Nf6 50. Kd3 Ng4 51. Nc1 Be3 52. Nb3 Bb6 53. Nc1 Kc5 54. Ne2 Kb5 55. Nc1 Be3 56. Nb3 Ka4 57. Kc2 Nh2 58. Bd2 Bf2 59. Nc1 Bxg3 60. Nd3 Kb5 61. Be3 Kc6 62. Ne5+ Kd6 63. c4 Ng4 64. c5+ Ke7 65. Bd4 Nxe5 0-1

[Event "Chigorin Memorial 23rd"]
[Site "St Petersburg"]
[Date "2015.10.06"]
[Round "4"]
[White "Royset, Pal"]
[Black "Kantyshev, Nikita"]
[Result "1/2-1/2"]
[WhiteElo "2234"]
[BlackElo "2030"]
[PlyCount "114"]
[EventDate "2015.10.03"]
[EventType "swiss"]
[EventRounds "9"]
[EventCountry "RUS"]
[SourceTitle "CBM 168 Extra"]
[Source "ChessBase"]
[SourceDate "2015.10.29"]
[SourceVersion "1"]
[SourceVersionDate "2015.10.29"]
[SourceQuality "1"]

1. e4 e5 2. Nf3 Nc6 3. Bb5 d6 4. d4 exd4 5. Nxd4 Bd7 6. Nc3 g6 7. Nd5 Bg7 8. c3 Nxd4 9. Bxd7+ Qxd7 10. cxd4 Ne7 11. Bh6 0-0 12. Bxg7 Kxg7 13. Nf4 Qb5 14. Qd2 Nc6 15. 0-0-0 a5 16. Rhe1 a4 17. Re3 Nb4 18. Kb1 Qc4 19. Ra3 c5 20. f3 Kg8 21. d5 Qb5 22. h4 Qe8 23. h5 Qe5 24. h6 b5 25. Qc3 Qxc3 26. bxc3 Na6 27. c4 Nc7 28. Rc3 Rfe8 29. Nd3 bxc4 30. Rxc4 Nb5 31. Kc1 Nd4 32. Rd2 a3 33. Rc3 f6 34. Kd1 Kf7 35. Nc1 Reb8 36. Ne2 Rb1+ 37. Rc1 Rxc1+ 38. Nxc1 g5 39. Ne2 Nxe2 40. Kxe2 Rb8 41. Kd3 Rb4 42. Rc2 Kg6 43. Rc3 Ra4 44. g4 Kxh6 45. Kc2 Kg6 46. Kb3 Ra5 47. Kc4 h5 48. gxh5+ Kxh5 49. Rb3 g4 50. fxg4+ Kxg4 51. Rb6 Ra4+ 52. Kd3 Kf4 53. Rxd6 Rd4+ 54. Kc3 Kxe4 55. Rxf6 Kxd5 56. Rf5+ Kc6 57. Rf8 Rh4 1/2-1/2

[Event "Chigorin Memorial 22nd"]
[Site "St Petersburg"]
[Date "2014.10.26"]
[Round "9"]
[White "Kantyshev, Nikita"]
[Black "Khatenever, Feliks"]
[Result "1-0"]
[WhiteElo "1957"]
[BlackElo "1795"]
[PlyCount "97"]
[EventDate "2014.10.18"]
[EventType "swiss"]
[EventRounds "9"]
[EventCountry "RUS"]
[SourceTitle "EXT 2015"]
[Source "ChessBase"]
[SourceDate "2014.11.20"]
[SourceVersion "1"]
[SourceVersionDate "2014.11.20"]
[SourceQuality "1"]

1. e4 e6 2. d4 d5 3. exd5 exd5 4. Nf3 Bd6 5. c4 Nf6 6. Bd3 dxc4 7. Bxc4 0-0 8. 0-0 Bg4 9. Nc3 c6 10. Bg5 Nbd7 11. Qd3 Qc7 12. h3 Bh5 13. Rfe1 Bg6 14. Qd2 Rfe8 15. Bb3 h6 16. Be3 Nf8 17. Rac1 Ne6 18. Bxe6 fxe6 19. Nb5 Qd7 20. Nxd6 Qxd6 21. Bf4 Qf8 22. Be5 Nd5 23. Nh2 Qf5 24. Ng4 Qd3 25. Nxh6+ Kh7 26. Qxd3 Bxd3 27. Ng4 Rf8 28. Ne3 Rf7 29. Nxd5 exd5 30. Rc3 Bg6 31. f3 Re8 32. g4 Rfe7 33. Kg2 Bf7 34. Kg3 Be6 35. h4 Bd7 36. f4 b6 37. b4 a5 38. bxa5 bxa5 39. Rb1 Kg8 40. Rb7 Kf7 41. f5 a4 42. Bd6 c5 43. Bxe7 Kxe7 44. Rxc5 Kd6 45. Rb6+ Ke7 46. Rxd5 a3 47. Rb7 Rc8 48. Rdxd7+ Kf8 49. Rxg7 1-0

[Event "Chigorin Memorial 22nd"]
[Site "St Petersburg"]
[Date "2014.10.24"]
[Round "7"]
[White "Kantyshev, Nikita"]
[Black "Zherebtsova, Alexandra"]
[Result "0-1"]
[WhiteElo "1957"]
[BlackElo "2142"]
[PlyCount "78"]
[EventDate "2014.10.18"]
[EventType "swiss"]
[EventRounds "9"]
[EventCountry "RUS"]
[SourceTitle "EXT 2015"]
[Source "ChessBase"]
[SourceDate "2014.11.20"]
[SourceVersion "1"]
[SourceVersionDate "2014.11.20"]
[SourceQuality "1"]

1. e4 e5 2. Nf3 Nc6 3. Bb5 a6 4. Bxc6 dxc6 5. d4 exd4 6. Nxd4 c5 7. Nf3 Qxd1+ 8. Kxd1 Bd7 9. Bg5 f6 10. Be3 0-0-0 11. Nbd2 b6 12. Ke2 Ne7 13. Rad1 Ng6 14. Ne1 Bd6 15. f3 Rhe8 16. Kf2 Be6 17. b3 Ne5 18. Nd3 Nc6 19. g3 Rd7 20. Rhe1 Bf8 21. Nb1 Red8 22. Nc3 Bf7 23. Ke2 c4 24. Nb2 Ba3 25. Rxd7 Rxd7 26. Rb1 Nb4 27. Nxc4 Bxc4+ 28. bxc4 Nxc2 29. Nd5 Nxe3 30. Kxe3 Kb7 31. Kd3 Bc5 32. Ke2 Ka7 33. Rd1 c6 34. Ne3 Rxd1 35. Nxd1 b5 36. Nb2 Bg1 37. h3 Bh2 38. g4 Be5 39. Nd3 bxc4 0-1

[Event "Chigorin Memorial 22nd"]
[Site "St Petersburg"]
[Date "2014.10.23"]
[Round "6"]
[White "Gantsevich, Aleksey A"]
[Black "Kantyshev, Nikita"]
[Result "0-1"]
[WhiteElo "1766"]
[BlackElo "1957"]
[PlyCount "72"]
[EventDate "2014.10.18"]
[EventType "swiss"]
[EventRounds "9"]
[EventCountry "RUS"]
[SourceTitle "EXT 2015"]
[Source "ChessBase"]
[SourceDate "2014.11.20"]
[SourceVersion "1"]
[SourceVersionDate "2014.11.20"]
[SourceQuality "1"]

1. e4 e5 2. Nf3 Nc6 3. Bb5 d6 4. d4 exd4 5. Nxd4 Bd7 6. 0-0 g6 7. Nc3 Bg7 8. Be3 Nge7 9. Bxc6 bxc6 10. Nf3 0-0 11. Bd4 f6 12. h3 c5 13. Be3 Rb8 14. Rb1 Bc6 15. Nd5 Qd7 16. c4 Rfe8 17. Qd2 f5 18. Bg5 fxe4 19. Nxe7+ Rxe7 20. Bxe7 Qxe7 21. Nh2 h5 22. Kh1 Qh4 23. Qe2 Be5 24. Qe3 Kh7 25. b3 Bd4 26. Qg3 Qf6 27. f4 Re8 28. Rbe1 e3 29. Nf3 e2 30. Ng5+ Kh6 31. Rf2 Bxf2 32. Qxf2 Qd4 33. Qg3 Re3 34. Qh4 Rd3 35. Nf7+ Kg7 36. Qe7 Rxh3# 0-1

[Event "Chigorin Memorial 21st"]
[Site "St Petersburg"]
[Date "2013.10.13"]
[Round "9"]
[White "Kantyshev, Nikita"]
[Black "Tugarin, Anton"]
[Result "1/2-1/2"]
[WhiteElo "1979"]
[BlackElo "2188"]
[PlyCount "106"]
[EventDate "2013.10.05"]
[EventType "swiss"]
[EventRounds "9"]
[EventCountry "RUS"]
[SourceTitle "CBM 156 Extra"]
[Source "ChessBase"]
[SourceDate "2013.10.22"]
[SourceVersion "1"]
[SourceVersionDate "2013.10.22"]
[SourceQuality "1"]

1. e4 e6 2. d4 d5 3. exd5 exd5 4. Nf3 Bg4 5. c4 Nf6 6. Bd3 Be7 7. 0-0 0-0 8. Nc3 Nc6 9. cxd5 Nb4 10. Bg5 Nbxd5 11. Nxd5 Qxd5 12. Re1 Rfe8 13. Qa4 Bxf3 14. Re5 Qd8 15. gxf3 Nd7 16. Bxe7 Rxe7 17. Rxe7 Qxe7 18. Qa5 Nf6 19. Re1 Qd7 20. Qb4 Qc6 21. Be4 Qb6 22. Qxb6 axb6 23. Bxb7 Rxa2 24. Re7 Ra1+ 25. Kg2 Rc1 26. Bd5 g5 27. Bb3 Kg7 28. Rxf7+ Kg6 29. Rf8 Nh5 30. Rg8+ Kf6 31. Rf8+ Ke7 32. Rf7+ Kd6 33. h4 Nf4+ 34. Kh2 h6 35. hxg5 hxg5 36. Rf6+ Kd7 37. Rf5 Rb1 38. Rxg5 Rxb2 39. Bc4 Ne6 40. Bxe6+ Kxe6 41. Kg3 Rd2 42. Rg7 c6 43. f4 Rxd4 44. Rg6+ Kd5 45. f5 Re4 46. f6 Re8 47. Kf4 Ke6 48. f7+ Kxf7 49. Rxc6 Rb8 50. Kf5 b5 51. Rc7+ Kf8 52. Rc3 Ke7 53. Ke5 b4 1/2-1/2

[Event "Chigorin Memorial 21st"]
[Site "St Petersburg"]
[Date "2013.10.07"]
[Round "3"]
[White "Kantyshev, Nikita"]
[Black "Vunder, Andrei"]
[Result "1/2-1/2"]
[WhiteElo "1979"]
[BlackElo "2245"]
[PlyCount "115"]
[EventDate "2013.10.05"]
[EventType "swiss"]
[EventRounds "9"]
[EventCountry "RUS"]
[SourceTitle "CBM 156 Extra"]
[Source "ChessBase"]
[SourceDate "2013.10.22"]
[SourceVersion "1"]
[SourceVersionDate "2013.10.22"]
[SourceQuality "1"]

1. e4 c6 2. d4 d5 3. exd5 cxd5 4. Nf3 Nc6 5. Be2 Nf6 6. 0-0 Bg4 7. c4 e6 8. cxd5 Nxd5 9. Nc3 Be7 10. Qb3 a6 11. Nxd5 Qxd5 12. Bc4 Qd8 13. Ne5 Nxe5 14. dxe5 Rb8 15. Bxa6 0-0 16. Bb5 Qd4 17. Qc4 Bc5 18. Qxd4 Bxd4 19. Re1 Rfd8 20. Bc4 Rbc8 21. Bb3 Rc5 22. Re4 Rxe5 23. Rxe5 Bxe5 24. Bg5 Bxb2 25. Bxd8 Bxa1 26. Kf1 Bf5 27. Ke2 Be4 28. f3 Bd5 29. Kd3 Kf8 30. Bc4 Ke8 31. Bh4 Kd7 32. Bb5+ Bc6 33. Kc4 Be5 34. h3 Kd6 35. a4 Bd5+ 36. Kd3 Bb2 37. Kc2 Bd4 38. Kd3 e5 39. Bd8 Bc5 40. a5 f5 41. a6 bxa6 42. Bxa6 e4+ 43. Ke2 exf3+ 44. gxf3 Ke5 45. Bd3 g6 46. Bg5 Bg1 47. Bd8 Bc5 48. Bg5 f4 49. h4 Bf8 50. Bd8 Be6 51. h5 Bf5 52. Bc7+ Bd6 53. hxg6 Bxg6 54. Bxg6 hxg6 55. Bb6 Kd5 56. Kf1 Bc5 57. Bc7 Bd6 58. Bb6 1/2-1/2

[Event "Chigorin Memorial 20th"]
[Site "St Petersburg"]
[Date "2012.10.31"]
[Round "5"]
[White "Svetlov, Dmitry"]
[Black "Kantyshev, Nikita"]
[Result "0-1"]
[WhiteElo "2399"]
[BlackElo "1898"]
[PlyCount "98"]
[EventDate "2012.10.27"]
[EventType "swiss"]
[EventRounds "9"]
[EventCountry "RUS"]
[SourceTitle "EXT 2013"]
[Source "ChessBase"]
[SourceDate "2012.11.22"]
[SourceVersion "1"]
[SourceVersionDate "2012.11.22"]
[SourceQuality "1"]

1. d4 Nf6 2. c4 g6 3. g3 Bg7 4. Bg2 0-0 5. Nf3 d6 6. 0-0 Nc6 7. Nc3 a6 8. b3 Rb8 9. Nd5 Nxd5 10. cxd5 Nb4 11. Ne1 c6 12. e4 cxd5 13. exd5 e6 14. dxe6 Bxe6 15. Be3 Nd5 16. Qd2 Nxe3 17. fxe3 d5 18. Nd3 Qd6 19. Rac1 Rbc8 20. Qb4 Qb8 21. Qb6 Rxc1 22. Rxc1 Rc8 23. Rxc8+ Qxc8 24. Nc5 Bh6 25. Kf2 Bg4 26. Qf6 Qe8 27. Qe5 Qb5 28. Bf1 Qb4 29. Qe8+ Bf8 30. h3 Qd2+ 31. Kg1 Be6 32. Bg2 Qxe3+ 33. Kh2 Kg7 34. Nxb7 Qxd4 35. Nd8 Bc5 36. Nxe6+ fxe6 37. h4 Qe5 38. Qd7+ Kh6 39. Qa4 Bd6 40. Qg4 Qe3 41. Bh3 Qf2+ 42. Bg2 d4 43. Kh3 d3 44. Be4 d2 45. Bf3 Qg1 46. Qg5+ Kg7 47. h5 d1Q 48. h6+ Kf7 49. Bxd1 Qh1+ 0-1

[Event "Chigorin Memorial 20th"]
[Site "St Petersburg"]
[Date "2012.10.29"]
[Round "3"]
[White "Samdanov, Samdan"]
[Black "Kantyshev, Nikita"]
[Result "1/2-1/2"]
[WhiteElo "2221"]
[BlackElo "1898"]
[PlyCount "119"]
[EventDate "2012.10.27"]
[EventType "swiss"]
[EventRounds "9"]
[EventCountry "RUS"]
[SourceTitle "EXT 2013"]
[Source "ChessBase"]
[SourceDate "2012.11.22"]
[SourceVersion "1"]
[SourceVersionDate "2012.11.22"]
[SourceQuality "1"]

1. c4 c5 2. Nf3 Nc6 3. Nc3 g6 4. e3 Bg7 5. d4 cxd4 6. exd4 e6 7. Bf4 a6 8. d5 Nce7 9. d6 Nc6 10. Qd2 Nf6 11. Bh6 0-0 12. Bxg7 Kxg7 13. Be2 b6 14. Rg1 b5 15. g4 b4 16. Na4 Qa5 17. b3 Ne4 18. Qf4 Nc3 19. Nxc3 bxc3 20. Rg3 e5 21. Qc1 e4 22. Ng5 c2+ 23. Qd2 Qe5 24. Qc3 Nd4 25. Re3 Bb7 26. Nf3 Nxf3+ 27. Rxf3 exf3 28. Qxe5+ Kg8 29. Qd4 Rae8 30. Kd2 Rxe2+ 31. Kc3 Rfe8 32. Rc1 Be4 33. b4 g5 34. c5 Re6 35. Kb2 Bc6 36. Rxc2 Ba4 37. Ka3 Bc6 38. Kb3 R6e4 39. Qd3 h6 40. h3 Rxc2 41. Kxc2 Re2+ 42. Kb3 Rxf2 43. Qxa6 Rd2 44. Kc3 Rd1 45. Kc2 Rd4 46. a3 f2 47. Qf1 Rf4 48. b5 Be4+ 49. Kc3 Kf8 50. a4 Rf3+ 51. Kd4 Rf4 52. Ke3 Bd5 53. c6 dxc6 54. b6 c5 55. a5 Bb7 56. Kd2 c4 57. Qa1 f6 58. a6 Bxa6 59. Qxa6 f1Q 60. Qc8+ 1/2-1/2

[Event "Chigorin Memorial 18th"]
[Site "St Petersburg"]
[Date "2010.11.04"]
[Round "8"]
[White "Chigaeva, Anastasia"]
[Black "Kantyshev, Nikita"]
[Result "1-0"]
[WhiteElo "1793"]
[BlackElo "1908"]
[PlyCount "63"]
[EventDate "2010.10.28"]
[EventType "swiss"]
[EventRounds "9"]
[EventCountry "RUS"]
[SourceTitle "EXT 2011"]
[Source "ChessBase"]
[SourceDate "2010.11.26"]
[SourceVersion "1"]
[SourceVersionDate "2010.11.26"]
[SourceQuality "1"]

1. e4 e5 2. Nf3 Nc6 3. d4 exd4 4. Bc4 d6 5. Nxd4 Nf6 6. Nc3 Be7 7. 0-0 0-0 8. Re1 Bg4 9. f3 Bh5 10. Be3 Nd7 11. Nd5 Nde5 12. Be2 Nxd4 13. Bxd4 c6 14. Nxe7+ Qxe7 15. g4 Qg5 16. Qc1 Qg6 17. Bxe5 dxe5 18. Qe3 f5 19. exf5 Rxf5 20. Kh1 Rf4 21. gxh5 Qxh5 22. Rg1 Raf8 23. Rg4 R4f5 24. Rag1 g6 25. Rg5 Qh4 26. Rxf5 Rxf5 27. Qe4 Qf6 28. Qd3 Rh5 29. Rd1 Qf4 30. Qc4+ Kf8 31. Qxf4+ exf4 32. Rd7 1-0

[Event "Chigorin Memorial 18th"]
[Site "St Petersburg"]
[Date "2010.11.01"]
[Round "5"]
[White "Kantyshev, Nikita"]
[Black "Filin, Evgeny Konstantinov"]
[Result "1-0"]
[WhiteElo "1908"]
[BlackElo "1716"]
[PlyCount "49"]
[EventDate "2010.10.28"]
[EventType "swiss"]
[EventRounds "9"]
[EventCountry "RUS"]
[SourceTitle "EXT 2011"]
[Source "ChessBase"]
[SourceDate "2010.11.26"]
[SourceVersion "1"]
[SourceVersionDate "2010.11.26"]
[SourceQuality "1"]

1. e4 c5 2. Nf3 d6 3. d4 cxd4 4. Nxd4 a6 5. Nc3 g6 6. Be3 Bg7 7. Bc4 Nf6 8. 0-0 0-0 9. a4 Nc6 10. h3 Bd7 11. Nxc6 bxc6 12. a5 c5 13. f4 Bc6 14. e5 Ne4 15. e6 Nxc3 16. exf7+ Rxf7 17. Bxf7+ Kxf7 18. bxc3 Bxc3 19. f5 Kg7 20. fxg6 hxg6 21. Qc1 Qh8 22. Ra3 Be5 23. Bf4 Bd4+ 24. Kh1 Qxh3+ 25. Rxh3 1-0

[Event "Cheliabinsk Kibizov Memorial 5th"]
[Site "Cheliabinsk"]
[Date "2010.06.29"]
[Round "6"]
[White "Kantyshev, Nikita"]
[Black "Krotiuk, Daria"]
[Result "0-1"]
[WhiteElo "1922"]
[BlackElo "1808"]
[PlyCount "58"]
[EventDate "2010.06.24"]
[EventType "swiss"]
[EventRounds "9"]
[EventCountry "RUS"]
[SourceTitle "EXT 2012"]
[Source "ChessBase"]
[SourceDate "2011.11.24"]
[SourceVersion "1"]
[SourceVersionDate "2011.11.24"]
[SourceQuality "1"]

1. e4 c5 2. Nf3 Nc6 3. d4 cxd4 4. Nxd4 Nf6 5. Nc3 e5 6. Nxc6 bxc6 7. Bc4 Bb4 8. f3 h6 9. Be3 0-0 10. 0-0 Bb7 11. Bb3 d5 12. exd5 cxd5 13. Bf2 a5 14. a4 d4 15. Ne2 Ba6 16. Be1 Bc5 17. Bf2 Qc7 18. Rc1 Rad8 19. Kh1 Qe7 20. Qe1 Bb4 21. Qd1 d3 22. Nc3 d2 23. Ra1 Bxf1 24. Qxf1 Bxc3 25. bxc3 e4 26. Bd4 exf3 27. gxf3 Rfe8 28. Bf2 Qe2 29. Kg2 Qxf1+ 0-1

[Event "Cheliabinsk Region-ch"]
[Site "Cheliabinsk"]
[Date "2010.04.04"]
[Round "9"]
[White "Gorbushin, Maksim"]
[Black "Kantyshev, Nikita"]
[Result "0-1"]
[WhiteElo "2038"]
[BlackElo "1884"]
[PlyCount "98"]
[EventDate "2010.03.27"]
[EventType "swiss"]
[EventRounds "9"]
[EventCountry "RUS"]
[SourceTitle "EXT 2012"]
[Source "ChessBase"]
[SourceDate "2011.11.24"]
[SourceVersion "1"]
[SourceVersionDate "2011.11.24"]
[SourceQuality "1"]

1. c4 e5 2. Nc3 f5 3. e3 e4 4. d3 Nf6 5. dxe4 fxe4 6. Qc2 Bb4 7. Bd2 Qe7 8. Nge2 0-0 9. Ng3 b6 10. Ngxe4 Bb7 11. Nxf6+ Qxf6 12. 0-0-0 Qxf2 13. Bd3 Qh4 14. a3 Bc5 15. Ne4 Bxe4 16. Bxe4 Nc6 17. g3 Qh5 18. b4 Bd6 19. b5 Bxa3+ 20. Kb1 Ne5 21. Bxa8 Rxa8 22. Rhf1 Qg4 23. Rf4 Qe6 24. Bc1 Bc5 25. Re4 d6 26. Bb2 a6 27. Bxe5 dxe5 28. Rh4 h6 29. Qe4 Ra7 30. Rd8+ Kf7 31. Qf3+ Qf6 32. Qd5+ Qe6 33. Qf3+ Qf6 34. Rd7+ Be7 35. Qh5+ Kg8 36. Rg4 Ra8 37. bxa6 Rf8 38. Kc2 g5 39. Rd5 Qc6 40. Kd3 b5 41. Rxb5 Qxa6 42. Rd5 Qb6 43. Rb5 Rd8+ 44. Kc2 Qc6 45. Qh3 Qg6+ 46. e4 c5 47. Rb7 Qa6 48. Qf1 Qxb7 49. Qf5 Qa6 0-1

[Event "Cheliabinsk Region-ch"]
[Site "Cheliabinsk"]
[Date "2010.04.03"]
[Round "8"]
[White "Kantyshev, Nikita"]
[Black "Krapivin, Viktor"]
[Result "1-0"]
[WhiteElo "1884"]
[BlackElo "1954"]
[PlyCount "44"]
[EventDate "2010.03.27"]
[EventType "swiss"]
[EventRounds "9"]
[EventCountry "RUS"]
[SourceTitle "EXT 2012"]
[Source "ChessBase"]
[SourceDate "2011.11.24"]
[SourceVersion "1"]
[SourceVersionDate "2011.11.24"]
[SourceQuality "1"]

1. d4 Nf6 2. Nc3 d5 3. Bg5 e6 4. e4 Be7 5. Bxf6 Bxf6 6. Nf3 0-0 7. e5 Be7 8. Bd3 Nd7 9. h4 f5 10. exf6 Bxf6 11. Bxh7+ Kxh7 12. Ng5+ Bxg5 13. hxg5+ Kg8 14. Qh5 Nf6 15. gxf6 Qxf6 16. 0-0-0 Bd7 17. Kb1 Qf5 18. Qh4 Rae8 19. Rd3 Rf6 20. Rf3 Rh6 21. Qxh6 gxh6 22. Rxf5 exf5 1-0

[Event "Cheliabinsk Panchenko Memorial 1st"]
[Site "Cheliabinsk"]
[Date "2009.10.08"]
[Round "3"]
[White "Smetanin, Anatoly1111"]
[Black "Kantyshev, Nikita"]
[Result "1/2-1/2"]
[WhiteElo "2283"]
[BlackElo "1894"]
[PlyCount "41"]
[EventDate "2009.10.06"]
[EventType "swiss"]
[EventRounds "9"]
[EventCountry "RUS"]
[SourceTitle "EXT 2010"]
[Source "ChessBase"]
[SourceDate "2010.11.25"]
[SourceVersion "1"]
[SourceVersionDate "2010.11.25"]
[SourceQuality "1"]

1. d4 d5 2. c4 e6 3. Nc3 dxc4 4. e4 Nf6 5. e5 Nd5 6. Bxc4 Nc6 7. Nf3 Be7 8. 0-0 0-0 9. h3 f6 10. a3 f5 11. Re1 a6 12. Ba2 b5 13. Nxd5 exd5 14. Be3 f4 15. Bd2 Be6 16. Qc1 Qd7 17. Bxf4 Bd8 18. Kh2 Bf5 19. g4 Rf7 20. Ng5 Rf8 21. Be3 1/2-1/2

[Event "Cheliabinsk Postovalov Memorial 3rd"]
[Site "Cheliabinsk"]
[Date "2009.01.07"]
[Round "3"]
[White "Kantyshev, Nikita"]
[Black "Matsenko, Elena"]
[Result "0-1"]
[WhiteElo "1880"]
[BlackElo "2113"]
[PlyCount "50"]
[EventDate "2009.01.06"]
[EventType "swiss"]
[EventRounds "9"]
[EventCountry "RUS"]
[SourceTitle "EXT 2010"]
[Source "ChessBase"]
[SourceDate "2010.11.25"]
[SourceVersion "1"]
[SourceVersionDate "2010.11.25"]
[SourceQuality "1"]

1. e4 c5 2. Nf3 Nc6 3. d4 cxd4 4. Nxd4 Qc7 5. Nc3 e6 6. Be3 a6 7. Be2 Nf6 8. 0-0 Bb4 9. Qd3 Ne5 10. Qd1 Bxc3 11. bxc3 Nxe4 12. Bd3 Nxc3 13. Qh5 Nxd3 14. cxd3 Nd5 15. Rac1 Qd6 16. Bd2 0-0 17. Qh4 b5 18. Kh1 Bb7 19. f4 f5 20. Nf3 Nf6 21. Ne5 Qd5 22. Qh3 d6 23. Nf3 Qxd3 24. Rc7 Qxf1+ 25. Ng1 Rf7 0-1